Estudio sobre la generación y granulometría de un aerosol patrón de CINa para la determinación de eficacias filtrantes de filtros absolutos
Salvato in:
| Autore principale: | |
|---|---|
| Natura: | Libro |
| Lingua: | spagnolo |
| Pubblicazione: |
Madrid
Junta de Energía Nuclear
1978
|
| Serie: | J.E.N., 428
|
| Soggetti: | |
| Tags: |
Aggiungi Tag
Nessun Tag, puoi essere il primo ad aggiungerne!!
|
MARC
| LEADER | 00000nam a2200000 a 4500 | ||
|---|---|---|---|
| 001 | UCU7297 | ||
| 003 | CL-VaPUC | ||
| 008 | 960628e19780000SP |||||||||||||||||spa|d | ||
| 082 | 0 | 4 | |a 660.294 |b MIL |2 21 |
| 100 | |a Milla, E. |e autor |9 366055 | ||
| 245 | 1 | 0 | |a Estudio sobre la generación y granulometría de un aerosol patrón de CINa para la determinación de eficacias filtrantes de filtros absolutos |
| 300 | |a 316 p | ||
| 942 | |c BK | ||
| 945 | |d 19960628 00:00:00 |a paguirre | ||
| 260 | |a Madrid |b Junta de Energía Nuclear |c 1978 | ||
| 650 | 0 | |a Tecnología química |9 263002 | |
| 650 | 0 | |a Aerosoles |9 366056 | |
| 650 | 7 | |a CONTAMINANTES DEL AIRE |2 CL-VaPUC |9 365135 | |
| 650 | 0 | |a Estados de la Materia |9 347141 | |
| 650 | 0 | |a Gases |9 260945 | |
| 583 | |a last modification |c 19960628 00:00:00 |k Rodrigo Vera | ||
| 490 | 0 | |a J.E.N., 428 | |
| 999 | |c 249966 |d 249964 | ||